| 000 | 00538nam a22001937a 4500 | ||
|---|---|---|---|
| 005 | 20251108174713.0 | ||
| 008 | 250721s2002 xx 000 0 ara d | ||
| 082 | 1 | 4 | _a956.511/بكج |
| 100 | 1 | _aبكج، أرسلان رمضان | |
| 245 | 1 | 0 | _aعمان تاريخ و صور / |
| 246 | 1 | 1 | _aAMMAN A HISTORY WITH PICTURES |
| 264 | 1 |
_aعمان : _bالمؤلف، _c2002. |
|
| 300 | _a155 ص. | ||
| 490 | 0 | _aYoung Scientist | |
| 650 | 1 | 7 | _aتاريخ الأردن |
| 650 | 1 | 7 | _aالتاريخ |
| 942 |
_2ddc _cBK |
||
| 999 |
_c115903 _d115903 |
||